Choker- Twenty One Pilots - Statistics

General Stats
  • This quiz has been taken 39 times
  • The average score is 183 of 269
Answer Stats
Answer % Correct
a
100%
I
100%
(I
100%
Mm-mm,
100%
mm-mm,
100%
mm-mm
100%
(Mm-mm)
100%
Mm-mm
100%
choker
94%
it
94%
It
94%
it's
94%
me
94%
the
94%
born
88%
comin'
88%
Comin'
88%
for
88%
know
88%
no
88%
Nobody's
88%
on
88%
on,
88%
was
88%
And
81%
and
81%
you
81%
You
81%
your
81%
in
75%
my
75%
over
75%
over)
75%
to
75%
circumstance
69%
fears
69%
is
69%
like
69%
Like
69%
line
69%
little
69%
see
69%
anyone
63%
bother
63%
can
63%
Chokin'
63%
don't
63%
hurts
63%
out
63%
out,
63%
sign
63%
skin
63%
splinter
63%
stand
63%
when
63%
When
63%
less
56%
move
56%
Nervous
56%
Only
56%
(Only
56%
only
56%
pin
56%
romance
56%
that
56%
all
50%
body's
50%
buried
50%
but
50%
'Cause
50%
co-sign
50%
else
50%
further
50%
got
50%
I'll
50%
Never
50%
now
50%
push
50%
right
50%
Self-sabotage
50%
smokin'
50%
Someone
50%
sweet
50%
volunteers
50%
you've
50%
carve
44%
change
44%
demands
44%
even
44%
I'm
44%
make
44%
mind's
44%
need
44%
you'll
44%
As
38%
barely
38%
begin
38%
gonna
38%
just
38%
Lay
38%
listenin'
38%
Seems
38%
trust
38%
understand
38%
able
31%
middleman
31%
pain
31%
realize
31%
screamin'
31%
side
31%
Sooner
31%
us
31%
what
31%
behind
25%
by
25%
cast
25%
Cut
25%
Dry
25%
eventually
25%
fibers
25%
forever,
25%
get
25%
ground
25%
open,
25%
rearview
25%
sand
25%
shadow
25%
spread
25%
where
25%
withstand
25%
worth
25%
Alone,
19%
blinds
19%
days
19%
secondhand
19%
secondhand)
19%
stronger,
19%
sun
19%
upon
19%
bolder,
13%
goes
13%
moves
13%
taller,
13%
silhoutte
6%
No matching quizzes found
Score Distribution
Percent of People with Each Score
Percentile by Number Answered
Your Score History
You have not taken this quiz